Europaisches Vertragsrecht
Gorde:
| Egile nagusia: | |
|---|---|
| Formatua: | Liburua |
| Hizkuntza: | alemana |
| Argitaratua: |
Tubinga
Mohr Siebeck
2015
|
| Edizioa: | 2a. ed |
| Gaiak: | |
| Etiketak: |
Etiketa erantsi
Etiketarik gabe, Izan zaitez lehena erregistro honi etiketa jartzen!
|
MARC
| LEADER | 00000cam a2200000 a 4500 | ||
|---|---|---|---|
| 001 | UCC9146 | ||
| 003 | CL-VaPUC | ||
| 008 | 190906e20150000gw |||||||||||||||||ger|d | ||
| 020 | |a 9783161537677 | ||
| 082 | 0 | 4 | |a 346.02 |b KOT |2 21 |
| 100 | 0 | |a Kotz, Hein |e author |9 604036 | |
| 245 | 1 | 0 | |a Europaisches Vertragsrecht |
| 250 | |a 2a. ed | ||
| 300 | |a 535 p | ||
| 942 | |c BK | ||
| 945 | |d 20190906 13:31:00 |a dcastane | ||
| 260 | |a Tubinga |b Mohr Siebeck |c 2015 | ||
| 650 | 7 | |a DERECHO DE LOS CONTRATOS |2 CL-VaPUC |9 604037 | |
| 650 | 0 | |a Obligaciones |9 255578 | |
| 650 | 0 | |a Contratos |9 255153 | |
| 583 | |a last modification |c 20190906 13:31:00 |k Rodrigo Vera | ||
| 999 | |c 375340 |d 375338 | ||
| 952 | |0 0 |1 0 |3 erb |4 0 |6 346_020000000000000_KOT_2015 |7 0 |8 WP_COW |9 561288 |a BIBDER |b BIBDER |e Fundación W and P Cowley |i 5598567 |o 346.02 KOT 2015 |p 5598567 |r 2023-01-25 |w 2020-03-12 |y BK |z Catalogado en:20190906 |k WPC | ||